LIBRARY & INFORMATION CENTRE, KCAET, TAVANUR

ONLINE PUBLIC ACCESS CATALOGUE (OPAC)

Soil Mechanics Fundamentals (Record no. 14236)

MARC details
000 -LEADER
fixed length control field 00367nam a22001457a 4500
003 - CONTROL NUMBER IDENTIFIER
control field OSt
008 - FIXED-LENGTH DATA ELEMENTS--GENERAL INFORMATION
fixed length control field 250328b |||||||| |||| 00| 0 eng d
020 ## - INTERNATIONAL STANDARD BOOK NUMBER
ISBN 9781439846445
082 ## - DEWEY DECIMAL CLASSIFICATION NUMBER
Classification number 624.1536
Item number ISH/SO
100 ## - MAIN ENTRY--AUTHOR NAME
Personal name Ishibashi Isao
-- Hemanta Hazarika
245 ## - TITLE STATEMENT
Title Soil Mechanics Fundamentals
260 ## - PUBLICATION, DISTRIBUTION, ETC. (IMPRINT)
Place of publication New York
Name of publisher CRC Press
Year of publication 2011
300 ## - PHYSICAL DESCRIPTION
Number of Pages 324
942 ## - ADDED ENTRY ELEMENTS (KOHA)
Koha item type Books
Holdings
Withdrawn status Lost status Damaged status Collection code Home library Current library Shelving location Date acquired Source of acquisition Cost, normal purchase price Full call number Accession Number Koha item type
        KAUAET KAUAET Fiction 07/06/2016 Arunima Book Distributor 5770.61 624.1536 ISH/SO 24576 Books
free website counter